000
00231nam a22001097a 4500
999
_c
65001
_d
64998
082
_a
297
100
_a
KAUKAB SIDDIQUE
245
_a
ISLAM the wave of the future
260
_a
PAKISTAN
_b
kARACHI
_c
1993
300
_a
74p
942
_c
BK